000 00599nam a2200241Ia 4500
003 OSt
005 20221005083540.0
006 a|||||r|||| 00| 0
007 ta
008 221004b |||||||| |||| 00| 0 eng d
020 _a0706999045
024 _a31230
037 _cTextual
040 _aCRL
_cCRL
_beng
041 _2eng
_aeng
100 _aPrakash Chandra
245 0 _aInternational relations
250 _a2nd
260 _aNew Delhi
_bVikas Publishing House Pvt. Ltd. India
_c1994
300 _a370p.
_ccm.
942 _cTEXL
_2cc
999 _c991170
_d991170